Sports Quiz

Random Sports or NHL Quiz

NHL Most Points Per Game (Career) Quiz Stats

 Plays Quiz Updated Jun 2, 2019

Score 0/50 Timer 10:00
2 Plays Today
Points Per Game Player Name % Correct
1.92Wayne Gretzky
97.8%
1.29*Sidney Crosby
88%
1.88Mario Lemieux
85.6%
1.12*Alex Ovechkin
81.4%
1.39Bobby Orr
76.7%
1.11*Jaromir Jagr
76.1%
1.05Gordie Howe
75.7%
1.07Mark Messier
74.9%
1.10Brett Hull
74.7%
1.10Bobby Hull
74.7%
1.16Steve Yzerman
68.4%
1.19Joe Sakic
61.9%
1.18*Evgeni Malkin
60.8%
1.50Mike Bossy
58.4%
1.12Jari Kurri
56.1%
1.24Phil Esposito
55.7%
1.30*Connor McDavid
54.7%
1.25Peter Forsberg
54.1%
1.14Eric Lindros
52.8%
1.20Guy Lafleur
52.3%
1.11Pavel Bure
51.1%
1.09Paul Coffey
50.6%
1.31Marcel Dionne
47.8%
1.11Bryan Trottier
45.5%
1.04*Patrick Kane
45.1%
Points Per Game Player Name % Correct
1.04Ron Francis
44.7%
1.05Stan Mikita
40.6%
1.06Adam Oates
39%
1.06Bobby Clarke
38.7%
1.17Pat Lafontaine
37.7%
1.08Jean Beliveau
33.6%
1.19Dale Hawerchuk
33.6%
1.12Denis Savard
33.4%
1.04Alexander Mogilny
31.9%
1.27Peter Stastny
30.8%
1.03Pierre Turgeon
26.7%
1.02Syl Apps
25.4%
1.11Gilbert Perreault
24.4%
1.06Michel Goulet
20.4%
1.07Bernie Nicholls
19.9%
1.13Bernie Federko
16.5%
1.03*Steven Stamkos
15.2%
1.39Joe Malone
14.9%
1.03*Nikita Kucherov
13.8%
1.24Kent Nilsson
12.4%
1.03Tim Kerr
10.5%
1.04Ziggy Palffy
9.8%
1.07Mike Rogers
4.4%
1.09Real Cloutier
1.8%
1.09Harry Cameron
0.9%

You're not logged in!

Compare scores with friends on all Sporcle quizzes.
OR
Log In

Sporcle TV

Today on Sporcle TV


Watch our educational content, quiz creation guides, and fun videos on Sporcle TV.

Show Comments

Extras

Top Quizzes Today


Score Distribution

Your Account Isn't Verified!

In order to create a playlist on Sporcle, you need to verify the email address you used during registration. Go to your Sporcle Settings to finish the process.

Report this User

Report this user for behavior that violates our Community Guidelines.

Details: